| 000 | 01296nam a2200289 a 4500 | ||
|---|---|---|---|
| 001 | 000026392 | ||
| 003 | DO-SdBNP | ||
| 005 | 20230404111733.0 | ||
| 007 | ta | ||
| 008 | 110316s2000 dr ab 000 0 spa d | ||
| 040 |
_aDO-SdBNP _bspa _cBNPHU |
||
| 041 | _hspa | ||
| 082 | 4 |
_a361.6 _bR426e _222 |
|
| 110 | 1 |
_aRepública Dominicana. _bSecretariado Técnico de la Presidencia Oficina Nacional de Planificación _932024 |
|
| 245 | 1 | 0 |
_aEstructura económica, funcional y geográfica del gasto público social en la República Dominicana 1978-1999 / _cRolando M. Guzmán, Magdalena Lizardo. |
| 260 | 3 |
_aSanto Domingo : _bOficina Nacional de Planificación, _c2000. |
|
| 300 |
_a92 p. : _bil., map. ; _c28 cm. |
||
| 504 | _aBibliografía: p. 89-92 | ||
| 505 | _aEl ambiente monocromático 11, Estructura del gasto público 15, El gasto social 23, Estructura económica de la inversión social 43, Evolución de la equidad geográfica en la provisión de inversiones sociales 81 | ||
| 590 | _aInventariado, 2023/MAA | ||
| 650 |
_aRepública Dominicana _xPolítica social _93223 |
||
| 650 |
_aSeguridad social _xRepública Dominicana _983225 |
||
| 700 | 1 |
_aGuzmán, Rolando M. _918774 |
|
| 700 | 1 |
_aLizardo, Magdalena _938602 |
|
| 910 | _aValidado. Control de calidad. MAA | ||
| 942 |
_2ddc _cLBS1 |
||
| 999 |
_c25884 _d25884 |
||